|
|
|
|
| LEADER |
05402nam a2200493 a 4500 |
| 001 |
0020538 |
| 003 |
BD-DhAAL |
| 008 |
100703s2009 nyua 001 0 eng d |
| 010 |
|
|
|a 2008933695
|
| 020 |
|
|
|a 0716771594
|
| 020 |
|
|
|a 9780716771593 (paper)
|
| 040 |
|
|
|a DLC
|c DLC
|d DLC
|d BD-DhAAL
|
| 082 |
0 |
0 |
|a 338.5
|2 22
|
| 100 |
1 |
|
|a Krugman, Paul R.
|
| 245 |
1 |
0 |
|a Microeconomics /
|c Paul Krugman, Robin Wells.
|
| 250 |
|
|
|a Second edition.
|
| 260 |
|
|
|a New York, NY :
|b Worth Publishers,
|c c2009.
|
| 300 |
|
|
|a xxxii, 567, [38] p. :
|b ill. ;
|c 28 cm
|
| 500 |
|
|
|a Includes index.
|
| 526 |
|
|
|a ESS
|x Fahmida Saadia Rahman
Senior Lecturer
Department of Economics and Social Sciences
BRAC University
|
| 541 |
1 |
|
|e 0020538, 0021454
|a Karim International
|
| 650 |
|
0 |
|a Microeconomics.
|
| 700 |
1 |
|
|a Wells, Robin.
|9 57283
|
| 852 |
4 |
|
|a Ayesha Abed Library
|c General Stacks
|
| 942 |
0 |
0 |
|0 18
|2 ddc
|c BK
|
| 999 |
|
|
|c 9150
|d 9150
|
| 952 |
|
|
|0 0
|1 1
|2 ddc
|4 0
|6 338_500000000000000_KRU
|7 0
|9 11418
|a BRACUL
|b BRACUL
|c GEN
|d 2010-07-03
|g 12500.00
|l 0
|o 338.5 KRU
|p 3010020538
|r 2010-07-03
|t 1
|w 2010-07-03
|y BK
|
| 952 |
|
|
|0 0
|1 1
|2 ddc
|4 0
|6 338_500000000000000_KRU
|7 0
|9 11420
|a BRACUL
|b BRACUL
|c GEN
|d 2010-07-03
|g 12500.00
|l 0
|o 338.5 KRU
|p 3010020539
|r 2010-07-03
|t 2
|w 2010-07-03
|y BK
|
| 952 |
|
|
|0 0
|1 1
|2 ddc
|4 0
|6 338_500000000000000_KRU
|7 0
|9 11421
|a BRACUL
|b BRACUL
|c GEN
|d 2010-07-03
|g 12500.00
|l 0
|o 338.5 KRU
|p 3010020540
|r 2010-07-03
|t 3
|w 2010-07-03
|y BK
|
| 952 |
|
|
|0 0
|1 0
|2 ddc
|4 0
|6 338_500000000000000_KRU_2009
|7 0
|9 13162
|a BRACUL
|b BRACUL
|c GEN
|d 2010-11-07
|e Karim International
|g 4700.00
|l 22
|m 213
|o 338.5 KRU
|p 3010021454
|r 2017-04-10
|s 2017-03-19
|t 4
|v 9400.00
|w 2010-11-07
|y BK
|x Requisitioned by Fahmida Saadia Rahman (Senior Lecturer, Department of Economics and Social Sciences, BRAC University).
|
| 952 |
|
|
|0 0
|1 0
|2 ddc
|4 0
|6 338_500000000000000_KRU
|7 0
|9 13163
|a SCL
|b SCL
|c GEN
|d 2010-11-07
|e Karim International
|g 4700.00
|l 26
|m 206
|o 338.5 KRU
|p 3010021457
|r 2020-03-12
|s 2020-01-22
|t 7
|v 9400.00
|w 2010-11-07
|y BK
|x Transferred from BRACUL to SCL on 08/08/22 ; Requisitioned by Fahmida Saadia Rahman (Senior Lecturer, Department of Economics and Social Sciences, BRAC University).
|
| 952 |
|
|
|0 0
|1 0
|2 ddc
|4 0
|6 338_500000000000000_KRU_2009
|7 0
|9 13164
|a BRACUL
|b BRACUL
|c GEN
|d 2010-11-07
|e Karim International
|g 4700.00
|l 33
|m 205
|o 338.5 KRU
|p 3010021458
|r 2019-09-18
|s 2019-09-09
|t 8
|v 9400.00
|w 2010-11-07
|y BK
|x Requisitioned by Fahmida Saadia Rahman (Senior Lecturer, Department of Economics and Social Sciences, BRAC University).
|
| 952 |
|
|
|0 0
|1 0
|2 ddc
|4 0
|6 338_500000000000000_KRU_2009
|7 0
|9 13165
|a BRACUL
|b BRACUL
|c GEN
|d 2010-11-07
|e Karim International
|g 4700.00
|l 31
|m 167
|o 338.5 KRU
|p 3010021456
|r 2023-05-22
|s 2023-02-01
|t 6
|v 9400.00
|w 2010-11-07
|y BK
|x Requisitioned by Fahmida Saadia Rahman (Senior Lecturer, Department of Economics and Social Sciences, BRAC University).
|
| 952 |
|
|
|0 0
|1 0
|2 ddc
|4 0
|6 338_500000000000000_KRU
|7 0
|9 13166
|a SCL
|b SCL
|c GEN
|d 2010-11-07
|e Karim International
|g 4700.00
|l 25
|m 186
|o 338.5 KRU
|p 3010021455
|r 2018-09-17
|s 2018-09-17
|t 5
|v 9400.00
|w 2010-11-07
|y BK
|x Transferred from BRACUL to SCL on 08/08/22 ; Requisitioned by Fahmida Saadia Rahman (Senior Lecturer, Department of Economics and Social Sciences, BRAC University).
|
| 952 |
|
|
|0 0
|1 0
|2 ddc
|4 0
|6 338_500000000000000_KRU
|7 0
|9 17737
|a SCL
|b SCL
|c GEN
|d 2011-08-03
|e Trim Education
|g 3880.00
|l 21
|m 194
|o 338.5 KRU
|p 3010023300
|r 2019-08-25
|s 2019-07-25
|t 9
|w 2011-08-03
|y BK
|x Transferred from BRACUL to SCL on 08/08/22
|
| 952 |
|
|
|0 0
|1 0
|2 ddc
|4 0
|6 338_500000000000000_KRU
|7 0
|9 17747
|a SCL
|b SCL
|c GEN
|d 2011-08-03
|e Trim Education
|g 3880.00
|l 30
|m 214
|o 338.5 KRU
|p 3010023301
|r 2019-11-06
|s 2019-10-28
|t 10
|w 2011-08-03
|y BK
|x Transferred from BRACUL to SCL on 08/08/22
|
| 952 |
|
|
|0 0
|1 2
|2 ddc
|4 0
|6 338_500000000000000_KRU
|7 0
|9 17748
|a BRACUL
|b BRACUL
|c GEN
|d 2011-08-03
|e Trim Education
|g 3880.00
|l 22
|m 167
|o 338.5 KRU
|p 3010023302
|q 2018-03-28
|r 2016-06-23
|s 2016-06-23
|t 11
|w 2011-08-03
|y BK
|
| 952 |
|
|
|0 0
|1 0
|2 ddc
|4 0
|6 338_500000000000000_KRU
|7 0
|9 17749
|a SCL
|b SCL
|c GEN
|d 2011-08-03
|e Trim Education
|g 3880.00
|l 24
|m 130
|o 338.5 KRU
|p 3010023303
|r 2017-04-11
|s 2017-03-29
|t 12
|w 2011-08-03
|y BK
|x Transferred from BRACUL to SCL on 08/08/22
|
| 952 |
|
|
|0 0
|1 0
|2 ddc
|4 0
|6 338_500000000000000_KRU
|7 0
|9 17750
|a SCL
|b SCL
|c GEN
|d 2011-08-03
|e Trim Education
|g 3880.00
|l 23
|m 236
|o 338.5 KRU
|p 3010023304
|r 2020-01-19
|s 2019-08-07
|t 13
|w 2011-08-03
|y BK
|x Transferred from BRACUL to SCL on 08/08/22
|
| 952 |
|
|
|0 0
|1 0
|2 ddc
|4 0
|6 338_500000000000000_KRU
|7 0
|9 17751
|a BRACUL
|b BRACUL
|c GEN
|d 2011-08-03
|e Trim Education
|g 3880.00
|l 28
|m 230
|o 338.5 KRU
|p 3010023305
|r 2023-03-02
|s 2023-01-19
|t 14
|w 2011-08-03
|y BK
|
| 952 |
|
|
|0 0
|1 0
|2 ddc
|4 0
|6 338_500000000000000_KRU
|7 0
|9 17752
|a SCL
|b SCL
|c GEN
|d 2011-08-03
|e Trim Education
|g 3880.00
|l 21
|m 200
|o 338.5 KRU
|p 3010023306
|r 2018-11-06
|s 2018-08-04
|t 15
|w 2011-08-03
|y BK
|x Transferred from BRACUL to SCL on 08/08/22
|
| 952 |
|
|
|0 0
|1 0
|2 ddc
|4 0
|6 338_500000000000000_KRU
|7 0
|9 17753
|a SCL
|b SCL
|c GEN
|d 2011-08-03
|e Trim Education
|g 3880.00
|l 21
|m 171
|o 338.5 KRU
|p 3010023307
|r 2019-01-09
|s 2018-07-05
|t 16
|w 2011-08-03
|y BK
|x Transferred from BRACUL to SCL on 08/08/22
|
| 952 |
|
|
|0 0
|1 0
|2 ddc
|4 0
|6 338_500000000000000_KRU
|7 0
|9 17754
|a BRACUL
|b BRACUL
|c GEN
|d 2011-08-03
|e Trim Education
|g 3880.00
|l 32
|m 126
|o 338.5 KRU
|p 3010023308
|r 2016-08-16
|s 2016-05-09
|t 17
|w 2011-08-03
|y BK
|
| 952 |
|
|
|0 0
|1 0
|2 ddc
|4 0
|6 338_500000000000000_KRU
|7 0
|9 17755
|a SCL
|b SCL
|c GEN
|d 2011-08-03
|e Trim Education
|g 3880.00
|l 27
|m 233
|o 338.5 KRU
|p 3010023309
|r 2018-05-07
|s 2017-09-20
|t 18
|w 2011-08-03
|y BK
|x Transferred from BRACUL to SCL on 08/08/22
|